Statistics for 20 Fastest GDP growth Economies in 2014

Click here to take the quiz!

General Stats

  • This quiz has been taken 81 times
  • The average score is 6 of 20

Answer Stats

HintAnswer% Correct
7.7China
87%
7.6Ghana
45%
8.5Laos
42%
7.4Cambodia
39%
10.5Ethiopia
38%
7.2Philippines
36%
8.7Ivory Coast
35%
8.5Democratic Republic Of the Congo
32%
7.4Mozambique
30%
11.3Liberia
25%
13.1South Sudan
22%
11.7Mongolia
22%
10.2Turkmenistan
20%
7.3Sri Lanka
20%
8.0Uzbekistan
19%
7.4Tajikistan
19%
10.5Kyrgyzstan
16%
8.2Panama
9%
8.9Moldova
6%
14.2Paraguay
3%

Score Distribution

Percentile by Number Answered

Percent of People with Each Score

Your Score History

You have not taken this quiz